| 000 | 01882 a2200313 4500 | ||
|---|---|---|---|
| 003 | Nust | ||
| 005 | 20170207165241.0 | ||
| 020 | _a978-0-471-69663-6 | ||
| 020 | _a978-0-471-69663-6 (electronic bk.) | ||
| 035 | _a(AU-PeEL)EBL214268 | ||
| 035 | _aEBL214268 | ||
| 040 | _cNust | ||
| 082 | 0 | 0 | _a956.7044/092 B |
| 100 | 1 | _aObeidi, Mahdi, | |
| 245 | 1 | 4 | _aThe bomb in my garden \h [Elektronisk resurs] : \b the secret of Saddam's nuclear mastermind / \c by Mahdi Obeidi and Kurt Pitzer.(E Book) |
| 260 |
_aHoboken : _bJohn Wiley & Sons, Inc., _c2004. |
||
| 300 | _a258 p. | ||
| 505 | 0 | _aThe Bomb in My Garden; CONTENTS; Preface; 1. The Bomb in My Garden; 2. Early Ambitions; 3. The Centrifuge; 4. Saddam's Grip; 5. Shopping in Europe; 6. The Crash Program; 7. Nuclear Hide-and-Seek; 8. The Dark Years; 9. The March to War; 10. The Time Capsule; Epilogue; Acknowledgments; Index; | |
| 520 | _aA news-breaking inside look at Saddam's nuclear program-by the Iraqi scientist who ran itNo one knows more about Iraq's nuclear weapons program than Mahdi Obeidi, the man who headed its successful uranium enrichment effort. In the aftermath of the 2003 Iraq War, Obeidi voluntarily turned himself into American intelligence. Among the revelations reported by CNN at the time: In the early 1990s, under orders to hide the core of the program from U.N. weapons inspectors, Obeidi had buried in his backyard the capacity to build uranium-enriching gas centrifuges. | ||
| 538 | _aMode of access: World Wide Web. | ||
| 600 | 1 | 0 |
_aObeidi, Mahdi, _d1944- |
| 650 | 0 | _aNuclear nonproliferation. | |
| 650 | 0 |
_aNuclear physicists _zIraq |
|
| 650 | 0 |
_aNuclear weapons _zIraq. |
|
| 655 | 7 | _aElectronic books. | |
| 700 | 1 | _aPitzer, Kurt. | |
| 710 | 2 | _aEbooks Corporation. | |
| 856 | 4 | 0 | _uhttp://ezproxy.ub.gu.se/login?url=http://www.GU.eblib.com/EBLWeb/patron?target=patron&extendedid=P_214268_0& |
| 942 |
_2ddc _cBK |
||
| 999 |
_c211226 _d211226 |
||